Statistics for Northernmost Major City by Country

Click here to take the quiz!

General Stats

  • This quiz has been taken 10,517 times
  • The average score is 9 of 13

Answer Stats

Population Country City % Correct
5.15 milItalyMilan
92%
13.1 milSouth AfricaJohannesburg / Pretoria
91%
5.50 milRussiaSt. Petersburg
90%
5.25 milEgyptAlexandria
87%
4.65 milSpainBarcelona
86%
4.18 milUnited StatesSeattle
84%
2.80 milGermanyHamburg
78%
1.64 milUnited KingdomGlasgow
78%
2.90 milAustraliaBrisbane
66%
1.32 milCanadaEdmonton
54%
2.48 milJapanSapporo
47%
1.02 milMoroccoTangier
28%
4.28 milNigeriaKano
26%

Score Distribution

Percentile by Number Answered

Percent of People with Each Score

Your Score History

You have not taken this quiz